Aforadores de caudal para canales abiertos

Saved in:
Bibliographic Details
Main Authors: Bos, Marinus G (Author), Replogle, John A (Author), Clemmens, Albert J (Author)
Format: Book
Language:Spanish
Published: Wageningen ILRI 1986
Series:ILRI Publication, 38
Subjects:
Tags: Add Tag
No Tags, Be the first to tag this record!

MARC

LEADER 00000nam a2200000 a 4500
001 UCT0819
003 CL-VaPUC
008 960906e19860000ne |||||||||||||||||spa|d
082 0 4 |a 627.133  |b BOS  |2 21 
100 0 |a Bos, Marinus G  |e author  |9 369333 
700 0 |a Replogle, John A  |e author  |9 369334 
700 0 |a Clemmens, Albert J  |e author  |9 369335 
245 1 0 |a Aforadores de caudal para canales abiertos 
300 |a 293 p 
942 |c BK 
945 |d 19960906 00:00:00  |a nastorga 
260 |a Wageningen  |b ILRI  |c 1986 
650 0 |a Aforadores  |9 369336 
650 7 |a MEDICION E INSTRUMENTOS DE MEDICION DE FLUJO  |2 CL-VaPUC  |9 369337 
650 7 |a CANALES DE RIEGO  |2 CL-VaPUC  |9 264568 
650 0 |a Vertederos  |9 332055 
650 0 |a Hidráulica   |9 260193 
650 7 |a FUENTES DE AGUA  |2 CL-VaPUC  |9 333529 
650 0 |a Ingeniería hidráulica  |9 260281 
650 7 |a CAUDAL DE AGUA  |2 CL-VaPUC  |9 369338 
650 0 |a Hidrodinámica   |9 261326 
650 0 |a Agua  |9 257149 
583 |a last modification  |c 20150511 05:51:05  |k Rodrigo Vera 
490 0 |a ILRI Publication, 38 
999 |c 251521  |d 251519 
952 |0 0  |1 0  |4 0  |6 627_133000000000000_BOS_1986  |7 0  |8 A  |9 270740  |a BIBAGR  |b BIBAGR  |d 2019-11-19  |i 3228959  |o 627.133 BOS 1986  |p 3228959  |r 2025-01-20  |w 2019-11-19  |y BK  |k AGR